<?xml version="1.0" encoding="UTF-8"?>
<collection xmlns="http://www.loc.gov/MARC21/slim">
  <record>
    <leader>00000nam  2200000   4500</leader>
    <controlfield tag="001">INLIS000000000016777</controlfield>
    <controlfield tag="005">20240131113722</controlfield>
    <datafield tag="035" ind1="#" ind2="#">
      <subfield code="a">0010-0124000094</subfield>
    </datafield>
    <controlfield tag="007">ta</controlfield>
    <controlfield tag="008">240131################|##########|#|##</controlfield>
    <datafield tag="084" ind1="#" ind2="#">
      <subfield code="a">R 074 LATSAR 2021</subfield>
    </datafield>
    <datafield tag="100" ind1=" " ind2="#">
      <subfield code="a">Sulistyowati</subfield>
    </datafield>
    <datafield tag="245" ind1="1" ind2="#">
      <subfield code="a">Pembuatan Video Tutorial Penerapan Manajemen Talenta Aparatur Sipil Negara Di Kelompokan Kerja Pengawasan Bidang Penerapan Sistem Merit /</subfield>
      <subfield code="c">Sulistyowati</subfield>
    </datafield>
    <datafield tag="250" ind1="#" ind2="#">
      <subfield code="a">1</subfield>
    </datafield>
    <datafield tag="260" ind1="#" ind2="#">
      <subfield code="a">Jakarta :</subfield>
      <subfield code="b">Pusbangkader,</subfield>
      <subfield code="c">2021</subfield>
    </datafield>
    <datafield tag="300" ind1="#" ind2="#">
      <subfield code="a">70 halaman ;</subfield>
      <subfield code="c">30 cm</subfield>
    </datafield>
    <datafield tag="650" ind1="#" ind2="4">
      <subfield code="a">Video Tutorial</subfield>
    </datafield>
    <datafield tag="650" ind1="#" ind2="4">
      <subfield code="a">Manajemen Talenta</subfield>
    </datafield>
    <datafield tag="520" ind1="#" ind2="#">
      <subfield code="a">Identifikasi isu : (1) Masih rendahnya pemahaman pengelola sumber daya manusia aparatur mengenai penerapan manajemen talenta di Instansi pemerintah sampai dengan semester I tahun 2021, (2) Tidak adanya pemberlakuan sanksi terkait penilaian penerapan sistem merit di lingkungan instansi pemerintah, (3) kurangnya koordinasi antara Pokja Pengawasan bidang penerapan sistem merit wilayah I dan Pokja pengawasan bidang penerapan sistem merit wilayah II. 5 kegiatan yang dapat dilakukan untuk mengatasi isu tersebut adalah dengan (a) Melakukan koordinasi terkait ide dan gagasan rancangan aktualisasi kepada atasan dan buddy di Pokja Pengawasan Bidang Penerapan Sistem Merit Wilayah II, (b) Mempersiapkan pembuatan video tutorial penerapan manajemen talenta di instansi pemerintah (pengumpulan data, pembuatan story board, dan koordinasi dengan atasan, dan persiapkan peralatan syuting), (c) pembuatan video tutorial dan melakukan konsultasi dengan atasan terkait finalisasi video, (d) melakukan sosialisasi video tutorial kepada rekan Pokja Bidang Pengawasan Penerapan Sistem Merit Wilayah II, (e) Mendiseminasikan video tutorial kepada instansi pemerintah.</subfield>
    </datafield>
    <datafield tag="856" ind1="#" ind2="#">
      <subfield code="a">Perpustakaan LAN Pusat</subfield>
    </datafield>
    <datafield tag="990" ind1="#" ind2="#">
      <subfield code="a">23.11.074</subfield>
    </datafield>
  </record>
</collection>
